Statistics for Countries with Letters Missing

Click here to take the quiz!

General Stats

  • This quiz has been taken 69,311 times
    (18,813 since last reset)
  • The average score is 15 of 27

Answer Stats

Hint Country % Correct
_R_QIraq
99%
_R_Z_LBrazil
87%
_Z_R_A_J_NAzerbaijan
81%
_F_H_N_S_A_Afghanistan
81%
_I_IFiji
79%
_U_S_ARussia
77%
_J_B_U_IDjibouti
74%
_A_Z_N_ATanzania
72%
_O_A_B_Q_EMozambique
66%
_A_A_A_C_RMadagascar
60%
_R_L_N_Ireland
56%
_G_P_Egypt
54%
_W_T_E_L_N_Switzerland
52%
_H_T_NBhutan
51%
_Z_E_I_T_NUzbekistan
50%
_Y_R_SCyprus
47%
_U_E_B_U_GLuxembourg
47%
_A_A_ACanada
47%
_H_L_P_I_E_Philippines
46%
_W_N_ARwanda
42%
_T_I_P_AEthiopia
42%
_E_I_OMexico
40%
_O_O_OKosovo
38%
_E_M_N_Germany
38%
_I_B_B_EZimbabwe
37%
_U_U_D_Burundi
34%
_R_N_EFrance
34%

Score Distribution

Percentile by Number Answered

Percent of People with Each Score

Your Score History

You have not taken this quiz since the last reset